00456nam a2200157 a 450000500170000000800410001705000130005824500300007126000350010144000130013652000820014965000130023165000260024465000130027065000150028320140414132105.0100823s19uu xx 00 eng d aDVDbG33 aGetting to know Clifford. aNew York :bScholastic,c2002. aClifford a1. Special delivery. 2. Ferry Tale. 3. LIttle Clifford 4. Welcome to Birdwell aTruthful aBelieving in yourself aKindness aRespectful